000 01327nam0a2200361 4500
001 RU\NLR\bibl\123015
005 20260405071901.0
010 _a5-222-00871-1
_910000
021 _aRU
_b2000-34019
_91583
035 _a(NLR Aleph) 000120485
090 _a685996
_c685996
100 _a20001208d2000 |||y0rusy50 ca
101 0 _arus
102 _aRU
105 _ay |||||||||
200 1 _aВаш близкий - психически больной
_fА.А. Карпов
210 _aРостов-на-Дону
_cФеникс
_d2000
215 _a378 с.
_d20
225 1 _aСерия "Психологические этюды"
320 _aБиблиогр.: с. 329
606 0 _aПсихически больные
_jПопулярная литература
_9916582
_3RU\NLR\auth\6616119
606 0 _aПсихически больные
_jПопулярные издания
_9916582
_3RU\NLR\auth\6616119
686 _aР64я9
686 _aЮ948.4я9
700 1 _4070
_8rus
_7ca
_aКарпов
_bА.А.
_cврач
_gАлексей Александрович
_3RU\NLR\AUTH\7724694
_97744
801 0 _aRU
_bNLR
_c20001208
_gPSBO
801 1 _aRU
_bNLR
_c20001208
830 _aАвт. по кн.
852 _aNLR
_j2000-3/15718
942 _cBOOK
980 _aNB